| 000 | 01632nam a2200373 c 4500 | ||
|---|---|---|---|
| 999 |
_c50817 _d50817 |
||
| 003 | BLK | ||
| 005 | 20250715125227.0 | ||
| 008 | 180408b bul|||||r ||||||| ||bul|| | ||
| 010 | _aKNG00054699000 | ||
| 040 | _aBLK | ||
| 041 |
_aBUL _cBUL |
||
| 080 |
_aАвстрийска литература _b821.112(436) _x-8 _z821.112(436)-8 |
||
| 100 |
_aКанети, Елиас _d1905 - 1994 _gАвстрийски писател - нобелист, роден в Русе _eпърви автор _9367554 |
||
| 139 |
_aКанети, Елиас _bК 25 |
||
| 245 | 1 | 0 |
_aПровинцията на човека _bЗаписки _cЕлиас Канети; състав. и прев. Елена Попова; предг. от Вера Ганчева. |
| 257 | _aAUT | ||
| 260 |
_bНар. култура _c1981 |
||
| 300 |
_a231 с. _c17 см |
||
| 380 | _aX | ||
| 490 | 1 |
_aБиблиотека Панорама _v143 |
|
| 490 | 1 |
_aСерия Проза _v110 |
|
| 500 | _aОриг. загл. Die Provinz des Menschen. - 10 125 тир. Съдържа и Елиас Канети - живот в дати ; За автора / Йоханес Едфелт ; Прев. от швед. Вера Ганчева. | ||
| 653 | _aзаписки | ||
| 700 | 1 |
_aПопова, Елена _eсъстав. и прев. _9368538 |
|
| 700 | 1 |
_aГанчева, Вера Лалева _951206 |
|
| 852 | _aЦб І 19097 | ||
| 852 | _aК 821/К 25 Е | ||
| 856 | 4 | _qpdf | |
| 856 | 4 | _qpdf | |
| 942 |
_cKNG _n0 _02 _s1 |
||
| 944 |
_aCR _c13.07.2005 _lВаля Йорданова _k30558 |
||
| 944 |
_aED _c12.08.2011 _lф / |
||
| 999 | _d50817 | ||